Géographie de la France par lettre - U - Statistiques

Statistiques générales
  • Ce quiz a été pris 100 fois
  • Le résultat moyen est 5 sur 10
Statistiques - réponses
Hint Réponse % Correct
Versant d'une montagne exposé au nord, souvent plus froid et ombragé. Ubac
76%
Situé en Indre-et-Loire, ce château est réputé pour avoir inspiré le conte de "La Belle au bois dormant". Château d'... Ussé
66%
Commune dans le Gard (Occitanie), célèbre pour son duché et ses ruelles historiques mais également pour son musée du bonbon "Haribo". Situé à 25 km au nord de Nîmes. Uzès
64%
En France, celle de Paris, établie autour de 1150, est la plus ancienne, suivie par celles de Toulouse (1229) et de Montpellier (1289) Université
50%
Une des plages du débarquement en Normandie du 6 mai 1944 située à Sainte-Marie-du-Mont Utah Beach
49%
Ville en Corrèze (Nouvelle-Aquitaine), connue pour son patrimoine médiéval. Une des 2 principales villes avec Tulles de la circonscription électorale où est élu François Hollande. Ussel
48%
Organisation internationale instituée en 1992 dont la France est un des membres fondateurs, issu d’une organisation plus ancienne fondée en 1967 Union européenne
44%
Commune de Savoie situé entre Albertville et Annecy, capitale mondiale des produits longs en acier inoxydable, son riche patrimoine industriel se retrouve dans son nom… à une lettre près ! Ugine
35%
Commune française dans le département des Pyrénées-Atlantiques. A proximité de la frontière espagnole, entre les villes de Saint-Jean-de-Luz et Hendaye. Urrugne
29%
Vallée et rivière des Alpes-de-Hautes-Provence, la rivière traverse le parc du Mercantour, arrose Barcelonette et se déverse dans le lac de Serre-Ponçon Ubaye
20%
Aucun quiz correspondant
Distribution des résultats
% des personnes avec chaque résultat
Percentile par nombre de réponses
Votre historique - résultats
Vous n’avez pas pris ce quiz